Paying up under adjudication. (Record no. 60540)

MARC details
000 -LEADER
fixed length control field 00795cam a2200169 4500
001 - CONTROL NUMBER
control field ABS60877
008 - FIXED-LENGTH DATA ELEMENTS--GENERAL INFORMATION
fixed length control field 000000n1999 000 0 eng u
035 ## - SYSTEM CONTROL NUMBER
System control number (Sirsi) u101396
100 ## - MAIN ENTRY--PERSONAL NAME
Personal name Frame, S.
245 ## - TITLE STATEMENT
Title Paying up under adjudication.
260 ## - PUBLICATION, DISTRIBUTION, ETC.
Date of publication, distribution, etc. 1999
490 ## - SERIES STATEMENT
Series statement Building Trade and Industry
Volume/sequential designation 15(7) July 1999, 10(1)
520 ## - SUMMARY, ETC.
Summary, etc. Reviews adjudication cases to date. Concludes that the decisions so far indicate a positive approach by the courts to enforce the intentions of the Housing Grants Construction and Regeneration Act 1996 and a willingness to make the procedure work quickly.
650 ## - SUBJECT ADDED ENTRY--TOPICAL TERM
Topical term or geographic name entry element HOUSING GRANTS CONSTRUCTION AND REGENERATION ACT
690 ## - LOCAL SUBJECT ADDED ENTRY--TOPICAL TERM (OCLC, RLIN)
Topical term or geographic name as entry element MANAGEMENT-DISPUTE AVOIDANCE, MANAGEMENT AND RESOLUTION-DISPUTE MANAGEMENT AND RESOLUTION-ARBITRATION
942 ## - ADDED ENTRY ELEMENTS (KOHA)
Suppress in OPAC 0
Holdings
Withdrawn status Lost status Source of classification or shelving scheme Damaged status Not for loan Home library Current library Shelving location Date acquired Total Checkouts Full call number Barcode Date last seen Copy number Price effective from Koha item type
    Dewey Decimal Classification     London London Journal article 04/11/1999   ABS60877 101396-1001 06/08/2019 1 06/08/2019 Journal article